000 00448nam a2200181Ia 4500
001 3533
005 20260306145650.0
008 260306t2010||||xx |||||||||||||| ||spa||
041 _aESP
082 _a288.1
_bC28
100 _aCongreso Caridad, Reconciliación y Dignidad Humana
_eAUT
245 0 _aCaridad, reconciliación y dignidad humana
260 _c2010
300 _a
_c
650 _aGEN
654 _aCHU
942 _cLIB
_dJUS
_fJUS
_2ddc
_n
999 _c3533
_d3533